Nina si ikan puyu / (Record no. 84926)

MARC details
000 -LEADER
fixed length control field 00752nam a2200265 i 4500
001 - CONTROL NUMBER
control field C2-0277839
003 - CONTROL NUMBER IDENTIFIER
control field PPAK
005 - DATE AND TIME OF LATEST TRANSACTION
control field 20210615121413.0
008 - FIXED-LENGTH DATA ELEMENTS--GENERAL INFORMATION
fixed length control field 070124s2006 my a j | 0 1 may d
020 ## - INTERNATIONAL STANDARD BOOK NUMBER
International Standard Book Number 9838914339
Qualifying information paperback
040 ## - CATALOGING SOURCE
Original cataloging agency PPAK
Language of cataloging eng
Transcribing agency PPAK
Description conventions rda
082 04 - DEWEY DECIMAL CLASSIFICATION NUMBER
Classification number 899.233
Edition number 23
090 00 - LOCALLY ASSIGNED LC-TYPE CALL NUMBER (OCLC); LOCAL CALL NUMBER (RLIN)
Classification number (OCLC) (R) ; Classification number, CALL (RLIN) (NR) 899.233
Feature heading SUZ
Feature heading K
100 0# - MAIN ENTRY--PERSONAL NAME
Personal name Suziana Che Wil,
Relator term author.
245 10 - TITLE STATEMENT
Title Nina si ikan puyu /
Statement of responsibility, etc. Suziana Che Wil
264 #1 - PRODUCTION, PUBLICATION, DISTRIBUTION, MANUFACTURE, AND COPYRIGHT NOTICE
Place of production, publication, distribution, manufacture Kuala Lumpur :
Name of producer, publisher, distributor, manufacturer Penerbit Orkid,
Date of production, publication, distribution, manufacture, or copyright notice 2006
300 ## - PHYSICAL DESCRIPTION
Extent 45 pages :
Other physical details illustrations ;
Dimensions 22 cm
336 ## - CONTENT TYPE
Source rdacontent
Content type term text
337 ## - MEDIA TYPE
Source rdamedia
Media type term unmediated
338 ## - CARRIER TYPE
Source rdacarrier
Carrier type term volume
490 1# - SERIES STATEMENT
Series statement Siri alam haiwan
650 10 - SUBJECT ADDED ENTRY--TOPICAL TERM
Topical term or geographic name entry element Children's stories, Malay
830 #0 - SERIES ADDED ENTRY--UNIFORM TITLE
Uniform title Siri alam haiwan
942 ## - ADDED ENTRY ELEMENTS (KOHA)
Koha item type Book
Source of classification or shelving scheme Dewey Decimal Classification
Holdings
Withdrawn Not for loan Current library Shelving location Date acquired Total Checkouts Full call number Barcode Date last seen Date last checked out Koha item type
    Perpustakaan Alor Setar Pinjaman Kanak-kanak 22/04/2007 1 K 899.233 SUZ A01166882 16/05/2022 25/04/2022 Book
    Perpustakaan Alor Setar Pinjaman Kanak-kanak 24/01/2007 1 K 899.233 SUZ A01133927 14/10/2020 30/07/2020 Book
    Perpustakaan Awam Sungai Petani Pinjaman Kanak-kanak 22/04/2007 2 K 899.233 SUZ A01166883 13/11/2019 10/11/2019 Book
    Perpustakaan Baling Pinjaman Kanak-kanak 22/04/2007 1 K 899.233 SUZ A01166889 20/08/2025 16/08/2025 Book
    Perpustakaan Bandar Baharu Pinjaman Kanak-kanak 22/04/2007   K 899.233 SUZ A01166890 09/05/2018   Book
    Perpustakaan Jitra Pinjaman Kanak-kanak 22/04/2007   K 899.233 SUZ A01166884 09/05/2018   Book
    Perpustakaan Kulim Pinjaman Kanak-kanak 22/04/2007 1 K 899.233 SUZ A01166886 03/09/2019 14/08/2019 Book
    Perpustakaan Langkawi Pinjaman Kanak-kanak 22/04/2007   K 899.233 SUZ A01166885 09/05/2018   Book
    Perpustakaan Yan Pinjaman Kanak-kanak 22/04/2007   K 899.233 SUZ A01166887 09/05/2018   Book